Регионална библиотека "Любен Каравелов" - Русе

Орлова степ (Запис номер 153104)

MARC детайли
000 -Лидер
Контролно поле с фиксирана дължина 01232nam a2200289 c 4500
003 - Код на организацията, давaща контролен номер
Контролно поле BLK
005 - Дата и час на последна редакция
Контролно поле 20180422113210.0
008 - Елементи от данни с фиксирана дължина
fixed length control field 180410b bul|||||r ||||||| ||bul||
010 ## - Наследен системен номер
LC control number KNG00159623000
040 ## - Източник на каталожния запис
Идентификатор на билиотеката - собственик на записа BLK
041 ## - Код за език
Код за езика на текст/звукозапис или на отделно заглавие Български
Код за езика КДБФ Български
080 ## - УДК
Текстов определител УДК Руска литература
УДК код - определител по УДК 821.161.1
УДК определител -31
УДК - код + определител 821.161.1-31
100 1# - Редна дума - Автор
Автор Бубьонов, Михаил Семьонович
Авторска отговорност първи автор
R(LIN) 43627
139 ## - Редно поле
Редна дума Бубьонов, Михаил Семьонович
Авторски знак Бу - Б 84
245 10 - Сведения за заглавието
Заглавие Орлова степ
Подзаглавни данни Роман
Редно поле (дума) Михаил Семьонович Бубьонов; прев. от рус. Георги Жечев.
257 ## - Страна на издаване
Страна на създаване/издаване СССР
260 ## - Област на издателските данни
-- София
Име на издателя, разпространителя и проч. Нар. младеж
Година на издаване 1961
300 ## - Физическа характеристика
Страници 444 с.
Илюстрации и др. 1 л. портр.
Размери/Мащаб 21 см
380 ## - Жанр
Жанр Худож. лит.
500 ## - Общи забележки
Забележка 10 000 тир. - Съдържа и автобиографични бележки в края на кн.
700 1# - Други автори (авторска отговорност)
Лично име Жечев, Георги
Автороска отговорност (Описва отношението между автора и произведението) прев. от рус.
Друга информация Текелиев, Георги Жечев
9 (RLIN) 367732
852 ## - Местоположение
Форматна сигнатура Цб 19301
856 4# - Електронен адрес и достъп
Електронен формат pdf - файл
Път до файла /url/
856 4# - Електронен адрес и достъп
Електронен формат pdf - файл
Път до файла /url/
942 ## - АРТИКУЛИ
Вид на библиотечния материал Книги
Скрит в OPAC Не
944 ## - СЪЗДАВАНЕ И РЕДАКЦИЯ на ЗАПИСА
Създаване/Редакция Създаване
Дата на регистрацията/редакция 10.04.2014
Статус, дата на статуса 10.04.2014 - от С1,Р / 10.04.2014
Служител, извършил регистрацията/редакцията Самет_Онур
944 ## - СЪЗДАВАНЕ И РЕДАКЦИЯ на ЗАПИСА
Създаване/Редакция Редакция
Дата на регистрацията/редакция 10.04.2014
Статус, дата на статуса 10.04.2014 - от С1,Р / 10.04.2014
Служител, извършил регистрацията/редакцията
999 ## - СИСТЕМНИ КОНТРОЛНИ НОМЕРА
Koha biblionumber 153104
Koha biblioitemnumber 153104
Наличности
Код за отписване Код за изгубен артикул Източник на класификационната схема Код за повреда Коз за рестрикции Код за отдаване Артикулен № Име на библиотеката - собственик Име на библиотеката, в която се намира в момента Статус (Текущо местоположение) Дата на вписване в системата Местоположение - отдел Цена в лева Инвентарен номер Систематично азбучна сигнатура Баркод Номер на екземпляра Цена в евро Служебна бележка Служебен тип на артикула
Изтеглен Не е изгубен Universal Decimal Classification Не е повреден без рестрикции ползва се в читалня 256299 Регионална библиотека "Любен Каравелов" Русе Регионална библиотека "Любен Каравелов" Русе Хранилище 1961-01-01 Основен фонд - ползва се само за читалня 13.95 8741/61 Цб 19301 8741/61 1 7.13 Вид: Сф Дата: 01.01.1961 Книги
Изтеглен Не е изгубен   Не е повреден без рестрикции заемане за дома 256300 Регионална библиотека "Любен Каравелов" Русе Регионална библиотека "Любен Каравелов" Русе Заемна - подръчен фонд 1961-01-01 Заемна - подръчен фонд 0.00 8745/61 П 882-31/Б 84 8745/61 2 0.00 Вид: Сф Дата: 01.01.1961 Книги
Изтеглен Не е изгубен   Не е повреден без рестрикции заемане за дома 256301 Регионална библиотека "Любен Каравелов" Русе Регионална библиотека "Любен Каравелов" Русе Заемна - подръчен фонд 1961-01-01 Заемна - подръчен фонд 0.00 8748/61 П 882-31/Б 84 8748/61 3 0.00 Вид: Сф Дата: 01.01.1961 Книги
Изтеглен Не е изгубен   Не е повреден без рестрикции заемане за дома 256302 Регионална библиотека "Любен Каравелов" Русе Регионална библиотека "Любен Каравелов" Русе Заемна - подръчен фонд 1961-01-01 Заемна - подръчен фонд 0.00 8749/61 П 882-31/Б 84 8749/61 4 0.00 Вид: Сф Дата: 01.01.1961 Книги
Изтеглен Не е изгубен   Не е повреден без рестрикции заемане за дома 256303 Регионална библиотека "Любен Каравелов" Русе Регионална библиотека "Любен Каравелов" Русе Заемна - подръчен фонд 1961-01-01 Заемна - подръчен фонд 0.00 8753/61 П 882-31/Б 84 8753/61 5 0.00 Вид: Сф Дата: 01.01.1961 Книги
Изтеглен Не е изгубен   Не е повреден без рестрикции заемане за дома 256304 Регионална библиотека "Любен Каравелов" Русе Регионална библиотека "Любен Каравелов" Русе Заемна - подръчен фонд 1961-01-01 Заемна - подръчен фонд 0.00 8757/61 П 882-31/Б 84 8757/61 6 0.00 Вид: Сф Дата: 01.01.1961 Книги
  Не е изгубен Universal Decimal Classification Не е повреден само за читалня ползва се в читалня 806318 Регионална библиотека "Любен Каравелов" Русе Регионална библиотека "Любен Каравелов" Русе Хранилище 2021-01-09 Хранилище 1.40 10093/61 Цб 19301 900000086886   0.72   Книги
Vip Innovations Ltd, Rousse, Bulgaria 2025